| 000 | 00704nam a22002177a 4500 | ||
|---|---|---|---|
| 003 | BUBTL | ||
| 008 | 180725b xxu||||| |||| 00| 0 eng d | ||
| 020 | _a9789332536784 | ||
| 082 | _a332/ F113f/ 2014 | ||
| 100 |
_91290 _aFabozzi, Frank j. |
||
| 245 |
_aFoundations of Financial Markets and Institutions : _cFrank J. Fabozzi, Franco P. Modigliani and Frank J. Jones |
||
| 250 | _a4th | ||
| 260 |
_aIndia _bPearson _cc2014 |
||
| 300 |
_a697p . : _bill. Table ; 24cm . |
||
| 500 | _aIncludes Index . | ||
| 650 | 0 |
_918 _aFinance |
|
| 700 |
_91933 _aFrank J. Fabozzi, Franco P. Modigliani and Frank J. Jones |
||
| 856 |
_k0 _l0 _yDownload |
||
| 942 |
_2ddc _cBK |
||
| 999 |
_c5752 _d5752 |
||